header

Tale of an African woman (Record no. 66461)

MARC details
000 -LEADER
fixed length control field 01187nam a2200325 a 4500
100 1# - MAIN ENTRY--AUTHOR NAME
Personal name Jing, Thomas.
245 10 - TITLE STATEMENT
Title Tale of an African woman
260 ## - PUBLICATION, DISTRIBUTION, ETC. (IMPRINT)
Place of publication Cameroon :
Name of publisher Langaa Research & Pub. CIG,
Year of publication 2007.
300 ## - PHYSICAL DESCRIPTION
Number of Pages 327 p.
490 1# - SERIES STATEMENT
Series statement Langaa & African Studies Centre
650 #0 - SUBJECT ADDED ENTRY--TOPICAL TERM
Topical Term Women
Topical Term Cameroonian fiction (English)
856 40 - ELECTRONIC LOCATION AND ACCESS
Uniform Resource Identifier http://site.ebrary.com/lib/rucke/Doc?id=10333782

No items available.

© 2026 Rongo University
Contact us: librarian | system librarian | Rongo university